| 000 | 01183cam a22003374a 4500 | ||
|---|---|---|---|
| 999 |
_c2576 _d2576 |
||
| 001 | 13673674 | ||
| 003 | ZET-ke | ||
| 005 | 20190730174926.0 | ||
| 008 | 040802s2005 ohua b 001 0 eng | ||
| 010 | _a 2004111236 | ||
| 020 | _a9780170104623 | ||
| 040 |
_aDLC _cZET-ke _dDLC |
||
| 042 | _apcc | ||
| 043 | _an-us--- | ||
| 050 | 0 | 0 |
_aHB171.5 _b.T748 2002 |
| 082 | 0 | 0 |
_a330 _222 |
| 100 | 1 | _aLayton, Allan | |
| 245 | 1 | 0 |
_aEconomics for today / _cAllan, Layton.et.al |
| 260 |
_aAustralia : _bCengage, Learning _cc2002. |
||
| 300 |
_axx, 596 p. : _bill. ; _c27 cm. |
||
| 500 | _aincludes index | ||
| 504 | _aIncludes bibliographical references and index. | ||
| 505 | _aIntroduction to economics -- Microeconomic fundamentals -- Market structures -- Macroeconomic fundamentals -- Macroeconomic theory and policy -- Further aspects of international economics. | ||
| 600 | _aRobinson,Tim | ||
| 600 | _aTucker, Irvin B. | ||
| 650 | 0 |
_aEconomics. _948 |
|
| 651 | 0 |
_aUnited States _xEconomic conditions _y2001-2009. |
|
| 906 |
_a7 _bcbc _corignew _d2 _eepcn _f20 _gy-gencatlg |
||
| 942 |
_2lcc _cBK _kHB171.5 _m.T748 2002 |
||